[Event "FIDE WRBTC Blitz-Pool 2024"]
[Site "Astana"]
[Date "2024.08.05"]
[Round "5.22"]
[White "Zlotnik, Andrey"]
[Black "Adilbekuly, Altair"]
[Result "1-0"]
[WhiteElo "2096"]
[BlackElo "1694"]
[Annotator "ChessBase"]
[PlyCount "65"]
[EventDate "2024.08.01"]
[EventType "team-tourn"]
[EventCountry "KAZ"]
[SourceTitle "playchess.com"]
[Source "ChessBase"]
[SourceQuality "1"]

1. d4 Nf6 2. Nc3 d5 3. Bf4 e6 4. Nb5 Bd6 5. Nxd6+ cxd6 6. Nf3 O-O 7. e3 Nc6 8. Be2 Re8 9. O-O e5 10. Bg5 Be6 11. c3 h6 12. Bh4 Qb6 13. Qb3 Qc7 14. Bxf6 gxf6 15. a4 Kh7 16. Nh4 Rg8 17. Qc2+ e4 18. g3 Bh3 19. Rfc1 Na5 20. f3 Rae8 21. Kf2 f5 22. Ng2 Nc4 23. b3 Bxg2 24. bxc4 Bh3 25. cxd5 Qe7 26. f4 Qf6 27. c4 Qg6 28. Rg1 h5 29. Qd1 h4 30. Bh5 hxg3+ 31. Rxg3 Qf6 32. Rxh3 Rg7 33. Bxf7+ 1-0

[Event "FIDE WRBTC Blitz-Pool 2024"]
[Site "Astana"]
[Date "2024.08.05"]
[Round "5.23"]
[White "Wafa, Shrook"]
[Black "Dronavalli, Harika"]
[Result "0-1"]
[WhiteElo "2137"]
[BlackElo "2502"]
[Annotator "ChessBase"]
[PlyCount "81"]
[EventDate "2024.08.01"]
[EventType "team-tourn"]
[EventCountry "KAZ"]
[SourceTitle "playchess.com"]
[Source "ChessBase"]
[SourceQuality "1"]

1. e4 e6 2. d4 d5 3. Nc3 Bb4 4. Nge2 Nc6 5. a3 Ba5 6. b4 Bb6 7. exd5 exd5 8. g3 Bg4 9. Bg2 Nge7 10. h3 Bh5 11. g4 Bg6 12. O-O O-O 13. Be3 f6 14. Nf4 Bf7 15. Rb1 Qd7 16. a4 a5 17. b5 Nd8 18. Nd3 Bg6 19. Nc5 Bxc5 20. dxc5 c6 21. bxc6 bxc6 22. Rb6 Ne6 23. Ne2 Ra7 24. Qd2 f5 25. Rfb1 Qc7 26. Nf4 Qd7 27. Nxe6 Qxe6 28. g5 f4 29. Bxf4 Qf5 30. Bd6 Qxc2 31. Qxc2 Bxc2 32. Ra1 Rc8 33. Ra2 Bd3 34. Rd2 Bc4 35. Rdb2 Nf5 36. Rb8 Rxb8 37. Rxb8+ Kf7 38. Be5 Re7 39. f4 Ne3 40. Ra8 Rb7 41. Rxa5 0-1

[Event "FIDE WRBTC Blitz-Pool 2024"]
[Site "Astana"]
[Date "2024.08.05"]
[Round "5.23"]
[White "Lesbekova, Assel"]
[Black "Khotenashvili, Bella"]
[Result "0-1"]
[WhiteElo "1903"]
[BlackElo "2427"]
[Annotator "ChessBase"]
[PlyCount "78"]
[EventDate "2024.08.01"]
[EventType "team-tourn"]
[EventCountry "KAZ"]
[SourceTitle "playchess.com"]
[Source "ChessBase"]
[SourceQuality "1"]

1. e4 c6 2. d4 g6 3. c3 Bg7 4. Nf3 d6 5. Be3 Nd7 6. Nbd2 Ngf6 7. h3 O-O 8. Bd3 e5 9. O-O Nh5 10. Nc4 Qe7 11. dxe5 dxe5 12. Bc2 Nc5 13. b4 Ne6 14. Qd6 Qxd6 15. Nxd6 a5 16. g3 axb4 17. cxb4 Nd4 18. Bxd4 exd4 19. Nxc8 Raxc8 20. Bd3 Rfd8 21. Rfc1 Bf8 22. b5 cxb5 23. Bxb5 Bc5 24. Bd3 Ng7 25. a4 Ne6 26. Kf1 Bb4 27. Ke2 Bc3 28. Ra2 Nc5 29. Ne1 Re8 30. f3 f5 31. Bc4+ Kg7 32. Nd3 fxe4 33. Nxc5 Rxc5 34. Bb5 exf3+ 35. Kxf3 Re3+ 36. Kg2 Rg5 37. g4 h5 38. Bd7 Re7 39. Bc8 Rc5 0-1

[Event "FIDE WRBTC Blitz-Pool 2024"]
[Site "Astana"]
[Date "2024.08.05"]
[Round "5.23"]
[White "Zhumagali, Raian"]
[Black "Samaganova, Aleksandra"]
[Result "1-0"]
[WhiteElo "1632"]
[BlackElo "1948"]
[Annotator "ChessBase"]
[PlyCount "87"]
[EventDate "2024.08.01"]
[EventType "team-tourn"]
[EventCountry "KAZ"]
[SourceTitle "playchess.com"]
[Source "ChessBase"]
[SourceQuality "1"]

1. e4 c5 2. Nf3 e6 3. d4 cxd4 4. Nxd4 a6 5. Nc3 Qc7 6. Qd3 Nf6 7. Qg3 d6 8. Bd3 b5 9. O-O Bb7 10. f3 Nbd7 11. Be3 g6 12. Rad1 b4 13. Nce2 Bg7 14. c3 bxc3 15. Nxc3 Ne5 16. Be2 O-O 17. Rc1 Qe7 18. Rfd1 Rfc8 19. Nb3 Ne8 20. Na5 Rab8 21. Nxb7 Qxb7 22. b3 Qb4 23. Na4 a5 24. Bd2 Qd4+ 25. Kh1 Rxc1 26. Bxc1 Qb4 27. Bd2 Qa3 28. Nc3 Nc7 29. Qf2 Qc5 30. Qxc5 dxc5 31. Na4 Nd7 32. Bxa5 Nb5 33. Rxd7 Na3 34. Rd1 h5 35. Nxc5 Ra8 36. b4 Nc2 37. Rd2 Ne3 38. a3 Be5 39. Kg1 Bf4 40. Rb2 f5 41. Nxe6 Kf7 42. Nc5 Kf6 43. exf5 Nxf5 44. Bd3 1-0

[Event "FIDE WRBTC Blitz-Pool 2024"]
[Site "Astana"]
[Date "2024.08.05"]
[Round "5.24"]
[White "Tanikin, Isabek"]
[Black "Tazhimyrzaev, Elzar"]
[Result "0-1"]
[WhiteElo "1952"]
[BlackElo "1885"]
[Annotator "ChessBase"]
[PlyCount "72"]
[EventDate "2024.08.01"]
[EventType "team-tourn"]
[EventCountry "KAZ"]
[SourceTitle "playchess.com"]
[Source "ChessBase"]
[SourceQuality "1"]

1. e4 e5 2. Nf3 d5 3. exd5 e4 4. Qe2 Nf6 5. Nc3 Be7 6. Nxe4 Nxd5 7. d3 O-O 8. Bd2 Re8 9. O-O-O f5 10. Kb1 fxe4 11. dxe4 Nb6 12. Bc3 Bd7 13. Qe3 Qc8 14. Bd3 Nc6 15. h3 Be6 16. g4 Na4 17. Bd2 Rf8 18. Bc1 Bc5 19. Qe2 Nd4 20. Nxd4 Bxd4 21. Bc4 Rxf2 22. Qd3 c5 23. Qb3 Bxc4 24. Qxc4+ Kh8 25. Qxa4 b5 26. Qb3 a5 27. c3 a4 28. Qd5 Bf6 29. g5 Be7 30. g6 a3 31. Rhf1 Rxf1 32. Rxf1 axb2 33. Bxb2 Qa6 34. Rf7 Bf6 35. gxh7 Rd8 36. Qf5 Qa4 0-1

[Event "FIDE WRBTC Blitz-Pool 2024"]
[Site "Astana"]
[Date "2024.08.05"]
[Round "5.24"]
[White "Shah Mihir"]
[Black "Allam, Yara"]
[Result "1-0"]
[WhiteElo "1801"]
[BlackElo "1920"]
[Annotator "ChessBase"]
[PlyCount "49"]
[EventDate "2024.08.01"]
[EventType "team-tourn"]
[EventCountry "KAZ"]
[SourceTitle "playchess.com"]
[Source "ChessBase"]
[SourceQuality "1"]

1. e4 c5 2. Nf3 d6 3. d4 cxd4 4. Nxd4 Nf6 5. Nc3 a6 6. Be3 e6 7. f3 h5 8. Qd2 Nbd7 9. O-O-O Qc7 10. h3 h4 11. Bd3 b5 12. Kb1 Bb7 13. Rhe1 Be7 14. Bg5 Nb6 15. a3 Rc8 16. f4 Nc4 17. Bxc4 Qxc4 18. e5 dxe5 19. fxe5 Nd5 20. Ne4 Qc7 21. Bxe7 Kxe7 22. Nd6 Rb8 23. Qg5+ Kf8 24. Rf1 Rh7 25. Nxe6+ 1-0

[Event "FIDE WRBTC Blitz-Pool 2024"]
[Site "Astana"]
[Date "2024.08.05"]
[Round "5.24"]
[White "Tynybekov, Bakyt"]
[Black "Ermekbaev, Iliyas"]
[Result "1-0"]
[WhiteElo "1795"]
[BlackElo "1621"]
[Annotator "NA"]
[PlyCount "93"]
[EventDate "2024.08.01"]
[EventType "team-tourn"]
[EventCountry "KAZ"]
[SourceTitle "playchess.com"]
[Source "ChessBase"]
[SourceQuality "1"]

1. b3 e5 2. Bb2 Nc6 3. e3 d5 4. d4 exd4 5. exd4 Nf6 6. Nf3 Bd6 7. Be2 O-O 8. O-O Bf5 9. c4 Ne7 10. h3 c6 11. Nc3 Ne4 12. Nh4 Nxc3 13. Bxc3 Be4 14. Nf3 Ng6 15. Ne5 Qc7 16. f3 Bf5 17. g4 Be6 18. f4 Bxe5 19. dxe5 Ne7 20. f5 Bd7 21. Qe1 dxc4 22. Bxc4 Nd5 23. Bxd5 cxd5 24. Rc1 Qb6+ 25. Kh2 d4 26. Bd2 Bc6 27. Bb4 Rfe8 28. Bc5 Qb5 29. Bxd4 Qd5 30. Qf2 Rad8 31. Rfd1 Qb5 32. Bb2 Rc8 33. f6 g6 34. Qh4 h5 35. Qf2 hxg4 36. hxg4 Qb6 37. Qxb6 axb6 38. Kg3 b5 39. Rd2 Be4 40. Rcd1 b6 41. Rd7 Bc6 42. R7d6 Rc7 43. R1d2 Rec8 44. Bd4 Rb7 45. Rc2 Bd7 46. Rxc8+ Bxc8 47. Rd8+ 1-0

[Event "FIDE WRBTC Blitz-Pool 2024"]
[Site "Astana"]
[Date "2024.08.05"]
[Round "5.25"]
[White "Ding, Liren"]
[Black "Grachev, Boris"]
[Result "1-0"]
[WhiteElo "2745"]
[BlackElo "2585"]
[Annotator "RC"]
[PlyCount "63"]
[EventDate "2024.08.01"]
[EventType "team-tourn"]
[EventCountry "KAZ"]
[SourceTitle "playchess.com"]
[Source "ChessBase"]
[SourceQuality "1"]

1. e4 c5 2. Nf3 e6 3. d4 cxd4 4. Nxd4 Nf6 5. Bd3 Nc6 6. Nxc6 bxc6 7. Bf4 d5 8. Nd2 Be7 9. O-O O-O 10. c4 Bb7 11. e5 Nd7 12. Qg4 g6 13. Rad1 Bc8 14. Nf3 f5 15. Qg3 Nc5 16. Bh6 Rf7 17. h4 Ne4 18. Bxe4 fxe4 19. Ng5 Bxg5 20. Bxg5 Qf8 21. h5 Rf5 22. hxg6 hxg6 23. f3 Qc5+ 24. Kh2 e3 25. Rfe1 d4 26. Bf6 Rh5+ 27. Kg1 Kh7 28. Qf4 d3 29. Qxe3 Qxc4 30. Rxd3 a5 31. Rd8 Bb7 32. Rd7+ 1-0

[Event "FIDE WRBTC Blitz-Pool 2024"]
[Site "Astana"]
[Date "2024.08.05"]
[Round "5.25"]
[White "Grischuk, Alexander"]
[Black "Alin, Azamat"]
[Result "1-0"]
[WhiteElo "2708"]
[BlackElo "1969"]
[Annotator "ChessBase"]
[PlyCount "93"]
[EventDate "2024.08.01"]
[EventType "team-tourn"]
[EventCountry "KAZ"]
[SourceTitle "playchess.com"]
[Source "ChessBase"]
[SourceQuality "1"]

1. Nf3 d5 2. g3 Nf6 3. Bg2 e6 4. O-O Bd6 5. c4 c6 6. d4 Nbd7 7. Nfd2 O-O 8. Nc3 c5 9. cxd5 exd5 10. dxc5 Nxc5 11. Nf3 Be6 12. Be3 Rc8 13. Bd4 Re8 14. Rc1 a6 15. e3 Nfe4 16. Ne2 Bg4 17. h3 Bh5 18. Bxc5 Bxc5 19. Kh2 Qf6 20. Nf4 Bxf3 21. Bxf3 Qxb2 22. Rc2 Qe5 23. Qxd5 Qxd5 24. Nxd5 Ng5 25. Bg4 Ne6 26. Rfc1 Rc6 27. Bxe6 fxe6 28. Rxc5 Rxc5 29. Rxc5 exd5 30. Rxd5 Re7 31. g4 Rc7 32. Kg3 Kf7 33. Rd6 Ke7 34. Rb6 Kd7 35. f4 Kc8 36. f5 Rc2 37. g5 Kc7 38. Rb1 Rxa2 39. f6 gxf6 40. gxf6 Rd2 41. e4 b5 42. Kf4 Kd6 43. Ra1 Rf2+ 44. Kg5 Ke5 45. Rxa6 Rg2+ 46. Kh5 Rg6 47. f7 1-0

[Event "FIDE WRBTC Blitz-Pool 2024"]
[Site "Astana"]
[Date "2024.08.05"]
[Round "5.26"]
[White "Altair, Almir"]
[Black "Svidler, Peter"]
[Result "0-1"]
[WhiteElo "1546"]
[BlackElo "2698"]
[Annotator "ChessBase"]
[PlyCount "56"]
[EventDate "2024.08.01"]
[EventType "team-tourn"]
[EventCountry "KAZ"]
[SourceTitle "playchess.com"]
[Source "ChessBase"]
[SourceQuality "1"]

1. e4 c5 2. Nc3 a6 3. a4 Nc6 4. f4 e6 5. Nf3 d5 6. d3 Nf6 7. e5 Nd7 8. Be2 f6 9. d4 cxd4 10. Nxd4 Nxd4 11. Qxd4 Bc5 12. Qd3 O-O 13. h4 fxe5 14. fxe5 Bf2+ 15. Kd1 Nxe5 16. Qh3 Bd7 17. Be3 Bxe3 18. Qxe3 Qc7 19. h5 Bc6 20. h6 d4 21. Qh3 dxc3 22. Qxe6+ Rf7 23. hxg7 cxb2 24. Rb1 Rd8+ 25. Bd3 Nxd3 26. cxd3 Bxa4+ 27. Kd2 Qc2+ 28. Ke3 Qxd3# 0-1

[Event "FIDE WRBTC Blitz-Pool 2024"]
[Site "Astana"]
[Date "2024.08.05"]
[Round "5.27"]
[White "Mamedyarov, Shakhriyar"]
[Black "Marat, Yasmin"]
[Result "1-0"]
[WhiteElo "2733"]
[BlackElo "1414"]
[Annotator "RC"]
[PlyCount "29"]
[EventDate "2024.08.01"]
[EventType "team-tourn"]
[EventCountry "KAZ"]
[SourceTitle "playchess.com"]
[Source "ChessBase"]
[SourceQuality "1"]

1. d4 d5 2. c4 c6 3. Nf3 Nf6 4. Nc3 e6 5. Bg5 Bb4 6. e3 h6 7. Bh4 Nbd7 8. Qc2 O-O 9. Bd3 b6 10. O-O Bxc3 11. bxc3 Bb7 12. Ne5 dxc4 13. Bxc4 Nxe5 14. dxe5 Nd5 15. Bxd8 1-0

[Event "FIDE WRBTC Blitz-Pool 2024"]
[Site "Astana"]
[Date "2024.08.05"]
[Round "5.27"]
[White "Yu, Yangyi"]
[Black "Suleimen, Ergali"]
[Result "1-0"]
[WhiteElo "2703"]
[BlackElo "2334"]
[Annotator "ChessBase"]
[PlyCount "79"]
[EventDate "2024.08.01"]
[EventType "team-tourn"]
[EventCountry "KAZ"]
[SourceTitle "playchess.com"]
[Source "ChessBase"]
[SourceQuality "1"]

1. e4 c5 2. Nf3 d6 3. Bb5+ Bd7 4. a4 Nf6 5. Nc3 e6 6. O-O Be7 7. e5 dxe5 8. Nxe5 O-O 9. d3 a6 10. Bxd7 Nbxd7 11. Nc4 b6 12. Qf3 Rc8 13. Bf4 Re8 14. Qb7 Nd5 15. Nxd5 exd5 16. Qxd5 b5 17. axb5 axb5 18. Ne3 Nb6 19. Qxd8 Rexd8 20. Ra7 Bf6 21. Bc7 Na4 22. Bxd8 Rxd8 23. Ra5 Bxb2 24. Rxb5 Bd4 25. Rfb1 g6 26. Rb8 Rxb8 27. Rxb8+ Kg7 28. Nd5 Nc3 29. Nxc3 Bxc3 30. Rc8 Bd4 31. Rc6 Kf8 32. Rc7 Kg7 33. Kf1 Kf6 34. Ke2 Ke6 35. h3 h5 36. f4 f6 37. Kf3 g5 38. fxg5 fxg5 39. Ke4 h4 40. Rc6+ 1-0

[Event "FIDE WRBTC Blitz-Pool 2024"]
[Site "Astana"]
[Date "2024.08.05"]
[Round "5.28"]
[White "Balmagambetov, Timur"]
[Black "Ju, Wenjun"]
[Result "1-0"]
[WhiteElo "2154"]
[BlackElo "2563"]
[Annotator "ChessBase"]
[PlyCount "115"]
[EventDate "2024.08.01"]
[EventType "team-tourn"]
[EventCountry "KAZ"]
[SourceTitle "playchess.com"]
[Source "ChessBase"]
[SourceQuality "1"]

1. e4 e5 2. Nf3 Nc6 3. Bc4 Nf6 4. d4 exd4 5. e5 d5 6. Bb5 Ne4 7. Nxd4 Bc5 8. O-O O-O 9. Nxc6 bxc6 10. Bxc6 Ba6 11. Be3 Bxe3 12. fxe3 Bxf1 13. Bxa8 Qxa8 14. Qxf1 Qb8 15. Nc3 Qxb2 16. Nxd5 Qxe5 17. Rd1 c6 18. Qf5 Qxf5 19. Ne7+ Kh8 20. Nxf5 g6 21. Ne7 c5 22. Rd7 Rb8 23. h3 Rb2 24. Rxa7 Rxc2 25. Nd5 Kg7 26. a4 h5 27. Re7 Ng3 28. h4 Nf5 29. Re4 Nd6 30. Re7 Ra2 31. Nb6 Nf5 32. Re4 Ra3 33. Kf2 Ra2+ 34. Kf3 Nd6 35. Re5 c4 36. Rc5 Nf5 37. Rxc4 Ra3 38. Nd5 Nd6 39. Rb4 Rd3 40. Nf4 Ra3 41. Nd5 Rd3 42. Rd4 Ra3 43. g3 Nf5 44. Rb4 Ra1 45. e4 Ra3+ 46. Kf4 Nd6 47. Rb6 Nc4 48. Rb4 Nd6 49. Rd4 Nb7 50. Rc4 Nd6 51. Rb4 Ra1 52. Ne3 Ra3 53. e5 Ne8 54. Rc4 Kf8 55. Nd5 Ng7 56. Rc8+ Ne8 57. Nf6 Rxa4+ 58. Kf3 1-0

[Event "FIDE WRBTC Blitz-Pool 2024"]
[Site "Astana"]
[Date "2024.08.05"]
[Round "5.28"]
[White "Aitzhan, Karim"]
[Black "Sadvakasov, Darmen"]
[Result "0-1"]
[WhiteElo "1706"]
[BlackElo "2629"]
[Annotator "ChessBase"]
[PlyCount "68"]
[EventDate "2024.08.01"]
[EventType "team-tourn"]
[EventCountry "KAZ"]
[SourceTitle "playchess.com"]
[Source "ChessBase"]
[SourceQuality "1"]

1. c4 Nf6 2. Nc3 e5 3. g3 Bb4 4. Bg2 O-O 5. Nf3 Nc6 6. O-O e4 7. Ng5 Bxc3 8. dxc3 Re8 9. Nh3 h6 10. Nf4 b6 11. Nd5 Bb7 12. Bf4 d6 13. Qd2 Ne5 14. b3 a5 15. Rad1 a4 16. Bxh6 gxh6 17. Qxh6 Bxd5 18. cxd5 Ng6 19. f4 exf3 20. Rxf3 Ng4 21. Qh5 N4e5 22. Rf5 axb3 23. axb3 Kg7 24. Rdf1 Rh8 25. Qg5 Qxg5 26. Rxg5 Ra3 27. Be4 Rxb3 28. h4 f6 29. Rgf5 Rf8 30. h5 Ne7 31. R5f4 Rxc3 32. Kg2 f5 33. Bb1 Nxd5 34. Rh4 Ne3+ 0-1

[Event "FIDE WRBTC Blitz-Pool 2024"]
[Site "Astana"]
[Date "2024.08.05"]
[Round "5.29"]
[White "Xu, Xiangyu"]
[Black "Kaliakhmet, Elnaz"]
[Result "1-0"]
[WhiteElo "2628"]
[BlackElo "2137"]
[Annotator "ChessBase"]
[PlyCount "59"]
[EventDate "2024.08.01"]
[EventType "team-tourn"]
[EventCountry "KAZ"]
[SourceTitle "playchess.com"]
[Source "ChessBase"]
[SourceQuality "1"]

1. d4 d5 2. Nf3 e6 3. Bf4 Nf6 4. e3 c5 5. c3 Nc6 6. Nbd2 Bd6 7. Bg3 O-O 8. Bb5 Ne7 9. Bd3 Nf5 10. Bxf5 exf5 11. dxc5 Bxc5 12. O-O Be6 13. Nb3 Bd6 14. Bh4 Be7 15. Nbd4 Ne4 16. Bxe7 Qxe7 17. Ne1 Rfd8 18. Nd3 Rac8 19. a4 Nd6 20. a5 Nc4 21. a6 bxa6 22. Rxa6 Rd6 23. Qa1 Rxa6 24. Qxa6 h6 25. Nf4 Nb6 26. Ra1 Rc7 27. Nb5 Bc8 28. Qa3 Qxa3 29. Rxa3 a6 30. Nxc7 1-0

[Event "FIDE WRBTC Blitz-Pool 2024"]
[Site "Astana"]
[Date "2024.08.05"]
[Round "5.29"]
[White "Assaubayeva, Bibisara"]
[Black "Yerseit, Alim"]
[Result "1-0"]
[WhiteElo "2470"]
[BlackElo "1495"]
[Annotator "ChessBase"]
[PlyCount "81"]
[EventDate "2024.08.01"]
[EventType "team-tourn"]
[EventCountry "KAZ"]
[SourceTitle "playchess.com"]
[Source "ChessBase"]
[SourceQuality "1"]

1. c4 e5 2. g3 Nc6 3. Bg2 d6 4. Nc3 Bd7 5. e3 Nf6 6. Nge2 Be7 7. O-O O-O 8. d4 exd4 9. Nxd4 Nxd4 10. exd4 c6 11. Bf4 Be6 12. d5 cxd5 13. Nxd5 Rc8 14. Nxe7+ Qxe7 15. Bxd6 Qd7 16. Bxf8 Qxd1 17. Rfxd1 Kxf8 18. b3 Ke7 19. Bxb7 Rc7 20. Bg2 a5 21. Rac1 Nd7 22. Bd5 Nc5 23. Bxe6 Nxe6 24. Rd5 a4 25. bxa4 Nc5 26. a5 Na6 27. c5 Ke6 28. Rd6+ Ke7 29. Rxa6 Kd7 30. Rd6+ Ke7 31. a6 Ra7 32. Rb6 Ra8 33. c6 Kd8 34. c7+ Kc8 35. a7 Rxa7 36. Rb8+ Kd7 37. c8=Q+ Kd6 38. Rb6+ Ke5 39. Qc5+ Ke4 40. Rc4+ Kf3 41. Qe3# 1-0

[Event "FIDE WRBTC Blitz-Pool 2024"]
[Site "Astana"]
[Date "2024.08.05"]
[Round "5.30"]
[White "Degenbayev, Altair"]
[Black "Kabinazar, Nurmukhammed"]
[Result "0-1"]
[WhiteElo "1460"]
[BlackElo "2002"]
[Annotator "ChessBase"]
[PlyCount "82"]
[EventDate "2024.08.01"]
[EventType "team-tourn"]
[EventCountry "KAZ"]
[SourceTitle "playchess.com"]
[Source "ChessBase"]
[SourceQuality "1"]

1. e4 e5 2. Nf3 Nc6 3. d4 exd4 4. Bc4 Bc5 5. Ng5 Nh6 6. Nxf7 Nxf7 7. Bxf7+ Kxf7 8. Qh5+ g6 9. Qxc5 d6 10. Qb5 Qe7 11. Nd2 Rf8 12. O-O Kg7 13. a3 a6 14. Qe2 Bd7 15. h3 Rae8 16. Re1 Ne5 17. Nb3 Bb5 18. Qd1 c5 19. a4 Bd7 20. Nd2 Qh4 21. Qe2 Rf7 22. Rf1 Ref8 23. Nc4 Nxc4 24. Qxc4 Rxf2 25. Rxf2 Qxf2+ 26. Kh2 Qf6 27. Bd2 Qe5+ 28. Kh1 Qxe4 29. Re1 Qf5 30. Re7+ Rf7 31. Re1 d5 32. Qb3 Bc6 33. Qg3 c4 34. Bc1 d3 35. cxd3 cxd3 36. Bd2 d4 37. Qh2 Kg8 38. Qg3 Rf8 39. Qh4 Qf6 40. Qg3 Qf2 41. Qe5 Qxg2# 0-1

[Event "FIDE WRBTC Blitz-Pool 2024"]
[Site "Astana"]
[Date "2024.08.05"]
[Round "5.30"]
[White "Akhmetov, Burkut"]
[Black "Pang, Bo"]
[Result "0-1"]
[WhiteElo "1400"]
[BlackElo "1400"]
[Annotator "NA"]
[PlyCount "64"]
[EventDate "2024.08.01"]
[EventType "team-tourn"]
[EventCountry "KAZ"]
[SourceTitle "playchess.com"]
[Source "ChessBase"]
[SourceQuality "1"]

1. h3 e5 2. e4 Nc6 3. Nf3 g6 4. Bc4 Bg7 5. O-O Nge7 6. d3 O-O 7. Nc3 h6 8. Be3 Kh7 9. Qd2 f5 10. Bc5 d6 11. Ba3 fxe4 12. dxe4 Bxh3 13. gxh3 Rxf3 14. Kg2 Rf4 15. f3 Qd7 16. Nd5 Rh4 17. Rh1 Rf8 18. Raf1 Nxd5 19. Bxd5 Nd4 20. c3 Ne6 21. Bxe6 Qxe6 22. b3 Rhf4 23. Bc1 R4f7 24. c4 c6 25. Ba3 Rd8 26. Rd1 Rfd7 27. Bb2 d5 28. cxd5 cxd5 29. exd5 Rxd5 30. Qe2 e4 31. fxe4 Rxd1 32. Rxd1 Qe8 0-1

[Event "FIDE WRBTC Blitz-Pool 2024"]
[Site "Astana"]
[Date "2024.08.05"]
[Round "5.31"]
[White "Annaberdiyev, Meylis"]
[Black "Teclaf, Pawel"]
[Result "0-1"]
[WhiteElo "2431"]
[BlackElo "2553"]
[Annotator "ChessBase"]
[PlyCount "73"]
[EventDate "2024.08.01"]
[EventType "team-tourn"]
[EventCountry "KAZ"]
[SourceTitle "playchess.com"]
[Source "ChessBase"]
[SourceQuality "1"]

1. e4 c6 2. d4 d5 3. e5 Bf5 4. Nf3 e6 5. Be2 Ne7 6. c3 Bg6 7. Na3 Nd7 8. Nc2 c5 9. O-O Nc6 10. Be3 Be7 11. h3 Rc8 12. Bd3 Qb6 13. Bxg6 hxg6 14. Rb1 Qa6 15. a3 cxd4 16. Bxd4 O-O 17. Re1 Qa5 18. h4 Qd8 19. g3 Nc5 20. Bxc5 Bxc5 21. Kg2 f6 22. exf6 Qxf6 23. Rf1 Rcd8 24. Ng5 Bb6 25. Qe2 e5 26. c4 dxc4 27. Qxc4+ Kh8 28. Qe2 Qf5 29. Ne4 Nd4 30. Nxd4 exd4 31. Qd3 Rc8 32. Rbd1 Rc7 33. Rfe1 Rcf7 34. Re2 Qd5 35. Kg1 Rf3 36. Qd2 d3 37. Ng5 0-1

[Event "FIDE WRBTC Blitz-Pool 2024"]
[Site "Astana"]
[Date "2024.08.05"]
[Round "5.31"]
[White "Nukin, Askhat"]
[Black "Bulatov, Ramil"]
[Result "0-1"]
[WhiteElo "2268"]
[BlackElo "2137"]
[Annotator "ChessBase"]
[PlyCount "128"]
[EventDate "2024.08.01"]
[EventType "team-tourn"]
[EventCountry "KAZ"]
[SourceTitle "playchess.com"]
[Source "ChessBase"]
[SourceQuality "1"]

1. e4 e6 2. d4 d5 3. Nc3 Nf6 4. e5 Nfd7 5. f4 c5 6. Nf3 Nc6 7. Be3 a6 8. Qd2 b5 9. dxc5 Bxc5 10. Bxc5 Nxc5 11. Bd3 Qb6 12. Ne2 Ne4 13. Bxe4 dxe4 14. Nfd4 Bb7 15. Qe3 Nb4 16. Qd2 Nd5 17. O-O O-O 18. a3 f6 19. exf6 Rxf6 20. c3 Raf8 21. Kh1 e5 22. Nc2 exf4 23. Ned4 e3 24. Qe2 Ne7 25. Ne1 Ng6 26. Nef3 Qc5 27. Rad1 Ne5 28. b4 Qc7 29. a4 bxa4 30. Qa2+ Kh8 31. Ne6 Rxe6 32. Qxe6 Nxf3 33. gxf3 h6 34. c4 Qb8 35. c5 Re8 36. Qd6 e2 37. Qxb8 Rxb8 38. Kg2 exd1=Q 39. Rxd1 Bc6 40. Rd6 Bb5 41. Rd4 g5 42. Kf2 Re8 43. Rd2 a3 44. Ra2 Re3 45. Rc2 Kg7 46. c6 Re8 47. Ra2 Bxc6 48. Rxa3 Bb5 49. Ra2 Re3 50. Rd2 Kg6 51. Rd6+ Kh5 52. Rd2 Bc6 53. Rd6 Rxf3+ 54. Ke2 Rc3 55. Kd2 Rc4 56. Kd3 Bb5 57. Kd2 Rxb4 58. Re6 Rd4+ 59. Kc2 Rd8 60. Kc3 Kg4 61. Rxh6 f3 62. Rf6 Be2 63. Kc2 Kh3 64. Kc3 g4 0-1

[Event "FIDE WRBTC Blitz-Pool 2024"]
[Site "Astana"]
[Date "2024.08.05"]
[Round "5.32"]
[White "Gareyev, Timur"]
[Black "Halynyazov, Vepaly"]
[Result "0-1"]
[WhiteElo "2541"]
[BlackElo "2049"]
[Annotator "ChessBase"]
[PlyCount "74"]
[EventDate "2024.08.01"]
[EventType "team-tourn"]
[EventCountry "KAZ"]
[SourceTitle "playchess.com"]
[Source "ChessBase"]
[SourceQuality "1"]

1. e4 e6 2. Qe2 c5 3. Nf3 Nc6 4. g3 g6 5. h4 h5 6. Bg2 Bg7 7. O-O Nf6 8. d3 O-O 9. Bg5 Qb6 10. c3 Ng4 11. Na3 d5 12. Rab1 Qa6 13. Rfe1 Bd7 14. Bf1 Qa5 15. Nh2 Nxh2 16. Kxh2 b5 17. Nc2 Qxa2 18. Qd2 Ne5 19. Bg2 Rac8 20. Bf4 Ng4+ 21. Kg1 Bc6 22. f3 Nf6 23. Bg5 dxe4 24. dxe4 Rfd8 25. Qf4 e5 26. Qe3 Qc4 27. Bf1 Qb3 28. Qf2 a5 29. Ne3 a4 30. c4 Bxe4 31. Bxf6 Bxb1 32. Bxd8 Rxd8 33. Rxb1 a3 34. Nd5 a2 35. Rc1 e4 36. Qxc5 Qxb2 37. Qe7 Rxd5 0-1

[Event "FIDE WRBTC Blitz-Pool 2024"]
[Site "Astana"]
[Date "2024.08.05"]
[Round "5.32"]
[White "Ishmukhamedov, Akhmet"]
[Black "Kozganbay, Erkin"]
[Result "0-1"]
[WhiteElo "1978"]
[BlackElo "2293"]
[Annotator "ChessBase"]
[PlyCount "100"]
[EventDate "2024.08.01"]
[EventType "team-tourn"]
[EventCountry "KAZ"]
[SourceTitle "playchess.com"]
[Source "ChessBase"]
[SourceQuality "1"]

1. e4 c5 2. Nf3 d6 3. c3 Nf6 4. d3 Nc6 5. Be2 g6 6. O-O Bg7 7. Re1 O-O 8. Nbd2 e5 9. Nf1 h6 10. h3 d5 11. Ng3 Re8 12. Be3 b6 13. c4 dxc4 14. dxc4 Nd4 15. Bxd4 exd4 16. Bd3 Nd7 17. Ne2 Bb7 18. Nf4 Ne5 19. Nd5 Bxd5 20. exd5 Qd6 21. Nxe5 Bxe5 22. Qf3 Qd7 23. Re2 Bd6 24. Rae1 Rxe2 25. Qxe2 Kg7 26. Qe4 h5 27. g4 hxg4 28. Qxg4 Qxg4+ 29. hxg4 Kf6 30. Kg2 Kg5 31. f3 Rh8 32. Rh1 Rxh1 33. Kxh1 Kf4 34. Kg2 Ke3 35. Bc2 Ke2 36. f4 Bxf4 37. Be4 d3 38. Bf3+ Ke1 39. g5 d2 40. d6 Bxd6 41. Bg4 Bf4 42. Bf3 Bxg5 43. Kh3 Bf6 44. b3 d1=Q 45. Bxd1 Kxd1 46. Kg4 Kc2 47. Kf4 Kb2 48. Ke4 Kxa2 49. Kd5 Kxb3 50. Kd6 Kxc4 0-1

[Event "FIDE WRBTC Blitz-Pool 2024"]
[Site "Astana"]
[Date "2024.08.05"]
[Round "5.33"]
[White "Turayev, Shahruh"]
[Black "Bernadskiy, Vitaliy"]
[Result "0-1"]
[WhiteElo "2097"]
[BlackElo "2530"]
[Annotator "ChessBase"]
[PlyCount "90"]
[EventDate "2024.08.01"]
[EventType "team-tourn"]
[EventCountry "KAZ"]
[SourceTitle "playchess.com"]
[Source "ChessBase"]
[SourceQuality "1"]

1. e4 Nf6 2. Nc3 d5 3. exd5 Nxd5 4. Bc4 c6 5. Qf3 e6 6. Nge2 Nd7 7. Bb3 Nc5 8. O-O Be7 9. d4 Nxb3 10. axb3 O-O 11. Ne4 Nf6 12. c3 Qd5 13. N2g3 Nxe4 14. Qxe4 Qxb3 15. Ra5 Qb6 16. Rh5 g6 17. Bg5 Qd8 18. Bxe7 Qxe7 19. Rh6 Qg5 20. Qh4 Qxh4 21. Rxh4 Kg7 22. Re4 a5 23. Re5 a4 24. Ra1 Bd7 25. Ne4 b6 26. Nd2 Rfb8 27. f3 b5 28. Rc5 b4 29. Kf2 a3 30. bxa3 bxa3 31. Ke3 a2 32. Rc4 Ra3 33. Kd3 e5 34. dxe5 Bf5+ 35. Ke3 Rb1 36. Nxb1 axb1=Q 37. Rxb1 Bxb1 38. Rxc6 Bf5 39. g4 Be6 40. h3 g5 41. Rc7 Ra4 42. h4 gxh4 43. f4 Bxg4 44. c4 h3 45. Kf2 Ra3 0-1